Statystyki dla Postacie z gry Gothic II

Kliknij tutaj aby rozwiązać quiz!

Ogólne statystyki

  • Ten quiz został rozwiązany 2 869 razy
  • Średni wynik to 11 z 15

Statystyki odpowiedzi

PodpowiedźPostać% Poprawnych
Główna postać gryBezimienny
99%
NekromantaXardas
95%
Najlepszy kumpel głównego bohateraDiego
91%
Posiadacz Szponu BeliaraKruk
85%
Właściciel największej farmy na wyspieOnar
85%
Przywódca Kręgu Magów WodySaturas
83%
Przywódca PaladynówLord Hagen
81%
Głosi kazania w mieścieVatras
80%
Główny mag klasztoru Magów OgniaPyrokar
74%
Kapitan PiratówGreg
73%
Kowal, u którego można zostać czeladnikiemHarad
67%
Potrafi stworzyć zbroję z pancerzy pełaczyWilk
65%
Dowodzi zamkiem w Górniczej DolinieGarond
59%
Ukradł Oko InnosaPedro
57%
Właściciel "Karczmy pod Martwą Harpią"Orlan
46%

Rozkład punktacji

Percentyl według liczby udzielonych odpowiedzi

Procent ludzi z każdym wynikiem

Twoja historia wyników

Nie rozwiązałeś tego quizu